000 00950nam a22002177a 4500
999 _c2886
_d2886
003 AR-CdUCM
008 190305b ||||| |||| 00| 0 spa d
040 _aMUNICIPALIDAD PROVINCIAL DEL CUSCO
_cBIBLIOTECA MUNICIPAL DEL CUSCO
082 _a373.22 /
_bM16
100 _aMaguire, Edward Randall
_99955
245 _aEl plan de los grupos de estudio /
260 _aBuenos Aires :
_bLosada,
_c1944.
300 _a172 páginas ;
_c19 cm.
440 _aLa escuela activa.
_n2
_99956
505 _aContenido: Satisfacción de las necesidades individuales -- Enseñanza y aprendizaje -- La asignación hecha funcional -- Respondiendo a la incitación -- Revisión de resultados -- Autodirección del alumno -- El plan de trabajo del maestro -- Inspección -- La organización de las lecciones.
650 _aEducación cooperativa
_99957
650 _aEducación
_9460
650 _aEnseñanza y aprendizaje
_99958
942 _2ddc
_cLIBROS
945 _azta